On This Day (July 10th) Multiple Choice - Statistics

General Stats
  • This quiz has been taken 6 times
  • The average score is 7 of 15
Answer Stats
Question Answer % Correct
1985 – The Greenpeace vessel Rainbow Warrior is bombed and sunk in which city's harbour by French DGSE agents ? Auckland
75%
1921 – Sixteen people are killed and 161 houses destroyed during rioting and gun battles in which UK city ? Belfast, NI
75%
988 – The Norse King Glúniairn recognises and agrees to pay taxes to Máel Sechnaill mac Domnaill. The event is considered to be the founding of which city ? Dublin
75%
1553 – Lady Jane Grey takes the throne of England. How long is her reign ? Nine Days
75%
1943 – World War II: Operation Husky begins on which island ? Sicily
75%
1942 – Diplomatic relations between the Netherlands and which nation are established ? Soviet Union
75%
2007 – Erden Eruç begins the first solo circumnavigation of the world by what means ? Using only human power
75%
1942 – An American pilot spots a downed, intact airplane on Akutan Island that the US Navy uses to learn it's flight characteristics. What type of airplane was it ? Mitsubishi Zero
50%
1991 – Which cricket team is readmitted into the International Cricket Council following a change of regime in the country ? South Africa
50%
1890 – Which state is admitted as the 44th U.S. state ? Wyoming
50%
1973 – Which nation gains full independence within the Commonwealth of Nations ? Bahamas
25%
138 – Which Roman Emperor dies of heart failure at the then popular resort of Baiae near Naples ? Hadrian
25%
1869 – Which Swedish city is largely destroyed in a fire leaving 80% of its residents homeless ? Gävle
0%
1499 – The Portuguese explorer Nicolau Coelho returns to Lisbon after discovering the sea route to where ? India
0%
2019 – The last of which iconic car rolls off the production line in Puebla, Mexico ? Volkswagen Beetle
0%
No matching quizzes found
Score Distribution
Percent of People with Each Score
Percentile by Number Answered
Your Score History
You have not taken this quiz